| 000 | 00380nam a2200157Ia 4500 | ||
|---|---|---|---|
| 005 | 20250423100402.0 | ||
| 008 | 250422s9999 xx 000 0 und d | ||
| 020 | _a0- 596- 00332 | ||
| 050 | _aHF 5548.4.M525 .B366/ | ||
| 100 | _aNan Barber | ||
| 245 | 0 | _aOffice X for macintosh the missing manual | |
| 260 | _bPogue press | ||
| 260 | _c2002 | ||
| 300 | _a714 p | ||
| 942 | _cBK | ||
| 999 |
_c33148 _d33148 |
||